Cities of Marin County on a Map - Statistics

General Stats
  • This quiz has been taken 102 times
  • The average score is 9 of 11
Answers on the Map
Answers color-coded by a green-red scale on the quiz's map according to % correct below.
 
Answer Stats
Answer % Correct
San Rafael
98%
Novato
94%
Sausalito
94%
Tiburon
90%
Belvedere
83%
Mill Valley
75%
Corte Madera
73%
Fairfax
73%
Ross
69%
San Anselmo
69%
Larkspur
67%
No matching quizzes found
Score Distribution
Percent of People with Each Score
Percentile by Number Answered
Your Score History
You have not taken this quiz